Uruguay : Selected Issues.

This Selected Issues paper studies economic growth in Uruguay. Following the 2002 crisis, Uruguay had a remarkable economic recovery. The major growth acceleration in 2004-14 was explained by a combination of positive external factors, recovery from crisis, and emergence of new export sectors. With...

Descrición completa

Detalles Bibliográficos
Autor Corporativo: International Monetary Fund. Western Hemisphere Dept
Formato: Revista
Idioma:English
Publicado: Washington, D.C. : International Monetary Fund, 2020.
Series:IMF Staff Country Reports; Country Report ; No. 2020/052
Acceso en liña:Full text available on IMF
LEADER 02272cas a2200241 a 4500
001 AALejournalIMF016258
008 230101c9999 xx r poo 0 0eng d
020 |c 5.00 USD 
020 |z 9781513530864 
022 |a 1934-7685 
040 |a BD-DhAAL  |c BD-DhAAL 
110 2 |a International Monetary Fund.  |b Western Hemisphere Dept. 
245 1 0 |a Uruguay :   |b Selected Issues. 
264 1 |a Washington, D.C. :  |b International Monetary Fund,  |c 2020. 
300 |a 1 online resource (46 pages) 
490 1 |a IMF Staff Country Reports 
500 |a <strong>Off-Campus Access:</strong> No User ID or Password Required 
500 |a <strong>On-Campus Access:</strong> No User ID or Password Required 
506 |a Electronic access restricted to authorized BRAC University faculty, staff and students 
520 3 |a This Selected Issues paper studies economic growth in Uruguay. Following the 2002 crisis, Uruguay had a remarkable economic recovery. The major growth acceleration in 2004-14 was explained by a combination of positive external factors, recovery from crisis, and emergence of new export sectors. With external factors no longer a support for growth, Uruguay needs to leverage its strengths to raise growth sustainably. Uruguay's high level of institutional quality and social cohesion provides a stable container for growth. A comparison relative to its trading partners and high growth peers helps identify areas that Uruguay can further enhance to unleash its growth potential. These include, a strong, flexible, and equitable labor market, better education outcomes, higher private sector dynamism, and continued macro stability. Structural policy reforms on key constraints to the private sector will help realize the potential of the new export industries and set the stage for inclusive growth. A strong and credible macro policy framework is also essential for growth sustainability. Efforts to reduce debt, inflation, and dollarization and keep them at low levels will lay the foundations for structural reforms to flourish. 
538 |a Mode of access: Internet 
830 0 |a IMF Staff Country Reports; Country Report ;  |v No. 2020/052 
856 4 0 |z Full text available on IMF  |u http://elibrary.imf.org/view/journals/002/2020/052/002.2020.issue-052-en.xml  |z IMF e-Library